[Event "American Continental 15th"]
[Site "Sao Paulo"]
[Date "2019.07.05"]
[Round "1"]
[White "Medrano, Mario"]
[Black "Hernandez Sanchez, Jairo Andres"]
[Result "0-1"]
[WhiteElo "1960"]
[BlackElo "2387"]
[PlyCount "134"]
[EventDate "2019.07.05"]
[EventType "swiss"]
[EventRounds "11"]
[EventCountry "BRA"]
[SourceTitle "CBM 191 Extra"]
[Source "ChessBase"]
[SourceDate "2019.09.30"]
[SourceVersion "1"]
[SourceVersionDate "2019.09.30"]
[SourceQuality "1"]

1. d4 Nf6 2. c4 g6 3. Nf3 Bg7 4. g3 0-0 5. Bg2 d6 6. 0-0 Nbd7 7. b3 Re8 8. Bb2 a6 9. Re1 Rb8 10. Nc3 e5 11. dxe5 dxe5 12. Qc2 e4 13. Ng5 e3 14. f4 c6 15. Rad1 Qa5 16. a3 Qf5 17. Qxf5 gxf5 18. Na2 h6 19. Nf3 Nc5 20. Be5 Ra8 21. b4 Nce4 22. Nc3 Be6 23. Nxe4 Nxe4 24. Nd4 Nd2 25. Nxe6 Rxe6 26. Bxg7 Kxg7 27. Rc1 Rd8 28. c5 Rd4 29. Rc2 Re7 30. Rec1 a5 31. Rb2 a4 32. Rc3 Nb3 33. Bf3 Rd1+ 34. Kg2 Ra1 35. Rbxb3 axb3 36. Rxb3 Ra2 37. b5 Rc2 38. bxc6 bxc6 39. Rb6 Re6 40. Rxc6 Rxe2+ 41. Bxe2 Rxc6 42. a4 Rxc5 43. Kf3 Rc3 44. a5 Ra3 45. a6 Kf6 46. Bc4 Ke7 47. Ke2 Kd6 48. Bd3 f6 49. Kxe3 Kc5 50. a7 Rxa7 51. Bxf5 Ra3+ 52. Ke4 Ra2 53. Bc8 Kd6 54. Kf5 Ke7 55. h3 h5 56. g4 Rc2 57. Bb7 Rc5+ 58. Kg6 h4 59. g5 fxg5 60. fxg5 Rc3 61. Bg2 Rg3 62. Bf1 Ke6 63. Kh5 Kf5 64. Kxh4 Rxg5 65. Be2 Kf4 66. Bf3 Rg8 67. Bh5 Rg7 0-1